00967nam a22002177a 4500003000900000008004100009020001800050040007100068082001500139100002200154245009100176260007000267300004400337440005000381505018000431650001300611650001300624650001700637710005000654710004500704AR-CdUCM190516b ||||| |||| 00| 0 spa d a968-816-054-7 aMUNICIPALIDAD PROVINCIAL DEL CUSCOcBIBLIOTECA MUNICIPAL DEL CUSCO a974 /bM32 aMáyer, Edelmiro aCampaña y guarnición :bel ambiente republicano contra el imperio de Maximiliano / aMéxico :bComité Interno de Ediciones Gubernamentales,c1985. a128 páginas ;bilustraciones,c22 cm. aColección Conciencia Cívica Nacional.n17 aContenido: A. muerte -- El ratoncito -- Introducción de bebidas -- Las soldaderas -- Víctima del amor -- Un desafío original -- Ignacia Ruiz -- Alrededor del fogón ... aMéxico aHistoria aRevolución aDepartamento del Distrito Federal - México. aSecretaria General de Desarrollo Social.